Dr. Joe Bell : (Record no. 665)

000 -LEADER
fixed length control field 01303nam a22003737a 4500
001 - CONTROL NUMBER
control field 15034930
003 - CONTROL NUMBER IDENTIFIER
control field OSt
005 - DATE AND TIME OF LATEST TRANSACTION
control field 20210421064444.0
008 - FIXED-LENGTH DATA ELEMENTS--GENERAL INFORMATION
fixed length control field 071004r20071982wiua b s001 0beng
010 ## - LIBRARY OF CONGRESS CONTROL NUMBER
LC control number 2007279756
020 ## - INTERNATIONAL STANDARD BOOK NUMBER
International Standard Book Number 0879721979
020 ## - INTERNATIONAL STANDARD BOOK NUMBER
International Standard Book Number 9780879721985 (pbk.)
020 ## - INTERNATIONAL STANDARD BOOK NUMBER
International Standard Book Number 0879721987 (pbk.)
040 ## - CATALOGING SOURCE
Original cataloging agency eng
Transcribing agency DLC
Modifying agency eng
Language of cataloging eng
050 00 - LIBRARY OF CONGRESS CALL NUMBER
Classification number PR4623
Item number .L54 2007
080 ## - UNIVERSAL DECIMAL CLASSIFICATION NUMBER
Universal Decimal Classification number 92
Item number L-69
082 00 - DEWEY DECIMAL CLASSIFICATION NUMBER
Classification number 823/.8
Edition number 22
100 1# - MAIN ENTRY--PERSONAL NAME
Personal name Liebow, Ely.
245 10 - TITLE STATEMENT
Title Dr. Joe Bell :
Remainder of title model for Sherlock Holmes /
Statement of responsibility, etc. Ely Liebow.
260 ## - PUBLICATION, DISTRIBUTION, ETC.
Place of publication, distribution, etc. Madison, Wis. :
Name of publisher, distributor, etc. Popular Press,
Date of publication, distribution, etc. c2007.
300 ## - PHYSICAL DESCRIPTION
Extent xv, 269 p. :
Other physical details ill. ;
Dimensions 23 cm.
504 ## - BIBLIOGRAPHY, ETC. NOTE
Bibliography, etc. note Includes bibliographical references (p. 242-246) and index.
600 10 - SUBJECT ADDED ENTRY--PERSONAL NAME
Personal name Doyle, Arthur Conan,
Dates associated with a name 1859-1930
General subdivision Friends and associates.
600 10 - SUBJECT ADDED ENTRY--PERSONAL NAME
Personal name Doyle, Arthur Conan,
Dates associated with a name 1859-1930
General subdivision Characters
-- Sherlock Holmes.
600 10 - SUBJECT ADDED ENTRY--PERSONAL NAME
Personal name Bell, Joseph,
Dates associated with a name 1837-1911.
600 10 - SUBJECT ADDED ENTRY--PERSONAL NAME
Personal name Holmes, Sherlock.
650 #0 - SUBJECT ADDED ENTRY--TOPICAL TERM
Topical term or geographic name entry element Surgeons
Geographic subdivision Scotland
Form subdivision Biography.
650 #0 - SUBJECT ADDED ENTRY--TOPICAL TERM
Topical term or geographic name entry element Biography
9 (RLIN) 237
650 #0 - SUBJECT ADDED ENTRY--TOPICAL TERM
Topical term or geographic name entry element Detective and mystery stories, English
General subdivision History and criticism.
653 ## - INDEX TERM--UNCONTROLLED
Uncontrolled term ბიოგრაფია
906 ## - LOCAL DATA ELEMENT F, LDF (RLIN)
a 7
b cbc
c origcop
d 2
e ncip
f 20
g y-gencatlg
942 ## - ADDED ENTRY ELEMENTS (KOHA)
Source of classification or shelving scheme
Koha item type Books
Holdings
Withdrawn status Lost status Source of classification or shelving scheme Damaged status Not for loan Permanent location Current location Date acquired Inventory number Total Checkouts Full call number Barcode Date last seen Price effective from Koha item type
          Ken Walker International University Ken Walker International University 12/16/2020 424   92 L-69 424 12/16/2020 12/16/2020 Books

Powered by Koha